[Event "Montigny Autumn-A 16th"]
[Site "Montigny le Bretonneux"]
[Date "2017.10.21"]
[Round "1"]
[White "Meillon, Judicael"]
[Black "Lialy Yao, Mustapha"]
[Result "1/2-1/2"]
[WhiteElo "1847"]
[BlackElo "1855"]
[PlyCount "30"]
[EventDate "2017.10.21"]
[EventType "tourn"]
[EventRounds "9"]
[EventCountry "FRA"]
[SourceTitle "EXT 2019"]
[Source "ChessBase"]
[SourceDate "2018.10.10"]
[SourceVersion "1"]
[SourceVersionDate "2018.10.10"]
[SourceQuality "1"]

1. e4 d6 2. g3 Nf6 3. Nc3 g6 4. Bg2 Bg7 5. d3 0-0 6. Nge2 e5 7. h3 Nc6 8. Be3 Nd7 9. 0-0 a6 10. Nd5 Ne7 11. Nxe7+ Qxe7 12. Nc3 c6 13. f4 exf4 14. gxf4 Nc5 15. Qf3 Ne6 1/2-1/2

[Event "FRA-chT U20 16 GP Haute 1011"]
[Site "France"]
[Date "2011.06.12"]
[Round "11"]
[White "Lialy Yao, Mustapha"]
[Black "Bergougnoux, Axel"]
[Result "1/2-1/2"]
[WhiteElo "1380"]
[BlackElo "1380"]
[PlyCount "93"]
[EventDate "2010.06.20"]
[EventType "team-tourn"]
[EventRounds "11"]
[EventCountry "FRA"]
[SourceTitle "EXT 2015"]
[Source "ChessBase"]
[SourceDate "2014.11.20"]
[SourceVersion "1"]
[SourceVersionDate "2014.11.20"]
[SourceQuality "1"]
[WhiteTeam "Villepinte (U20)"]
[BlackTeam "Cannes (U20)"]
[WhiteTeamCountry "FRA"]
[BlackTeamCountry "FRA"]

1. e4 d5 2. exd5 Nf6 3. Nc3 Nxd5 4. Nxd5 Qxd5 5. Nf3 Bg4 6. Be2 e6 7. d4 Be7 8. Be3 0-0 9. 0-0 Nc6 10. c3 Rad8 11. Nd2 Bf5 12. Bf3 Qb5 13. Qb3 Qb6 14. Qxb6 axb6 15. Be4 Bg6 16. Bxg6 hxg6 17. Rfe1 f6 18. Rad1 Kf7 19. Bf4 Bd6 20. Bxd6 cxd6 21. Nf3 Ne7 22. h3 Rh8 23. Re2 e5 24. dxe5 dxe5 25. Rxd8 Rxd8 26. Rd2 Ra8 27. a3 Ke6 28. Kf1 Ra4 29. Ke1 Nd5 30. g3 Rc4 31. Kd1 g5 32. Kc2 Kd6 33. Rd3 e4 34. b3 Rc7 35. Rd4 Rxc3+ 36. Kd2 exf3 37. Rxd5+ Kxd5 38. Kxc3 Ke4 39. Kd2 Kd4 40. Kc2 f5 41. Kd2 f4 42. gxf4 gxf4 43. Kc2 b5 44. Kd2 g6 45. Kc2 b6 46. Kd2 g5 47. Kc2 1/2-1/2